00613nam a2200157Ia 4500008004100000100002700041245008100068245008000149260005300229260000900282300001000291650001500301856004700316999001900363952007300382170221s9999 xx 000 0 und d aNour Mohammad Yaghoubi aUndeniable Function of Performance Factors on Organizational Accomplishment  cNour Mohammad Yaghoubi, Kamran Mahmodpour, Jamshid Moloudi, Atiyeh Sarayani bInternational Review of Management and Marketing c2017 a7 : 1 xMarketing. uhttp://www.econjournals.com/index.php/irmm c308063d308063 001040aCLbCLd2017-02-21l0r2017-02-21 00:00:00w2017-02-21yFOJ